Sports Quiz

Random Sports or NFL Quiz
Score 0/10 Timer 03:00
0 Plays Today
year players % Correct
2010Sam Bradford
97.1%
2004Eli Manning
97.1%
2009Mathew Stafford
96.5%
2005Alex Smith
96.5%
2007JaMarcus Russell
94.8%
2006Mario Williams
94.2%
2003Carson Palmer
93.6%
2001Michael Vick
92.4%
2002David Carr
92.4%
2008Jake Long
90.1%
Remove Ads.
Support Sporcle.
Get the best of Sporcle when you Go Orange. This ad-free experience offers more features, more stats, and more fun while also helping to support Sporcle. Thank you for becoming a member.

You're not logged in!

Compare scores with friends on all Sporcle quizzes.
OR
Log In

Show Comments

Extras

Created Oct 29, 2010ReportNominate
Tags:Football Quiz, NFL Quiz, Draft

Top Quizzes Today


Score Distribution

Your Account Isn't Verified!

In order to create a playlist on Sporcle, you need to verify the email address you used during registration. Go to your Sporcle Settings to finish the process.

Report this User

Report this user for behavior that violates our Community Guidelines.

Details: